Delineado corazón, que en las devidas parentaciones, por la muerte de el Alférez D. Lorenzo García Xalón, sermón fúnebre

Detalles Bibliográficos
Formato: Libro
Publicado: México ca. 1718
Materias:
Colección:Banco de datos
Acervo:Biblioteca Nacional de Antropología e Historia. Fondo Conventual
Tema general:Homilética
Notas:Regular. XX,4,17. Encuadernado con nueve sermones
LEADER 00763nam a22001810004500
035 |a 13537 
036 |a 1083 
245 1 0 |a Delineado corazón, que en las devidas parentaciones, por la muerte de el Alférez D. Lorenzo García Xalón, sermón fúnebre 
260 |a México  |b imp. Herederos de Miguel de Rivera Calderón  |c ca. 1718 
500 |a Regular. XX,4,17. Encuadernado con nueve sermones 
650 1 0 |a Homilética 
949 |a B.N.A.H. 
959 |a Biblioteca Nacional de Antropología e Historia. Ciudad de México  |b CCC1 
960 |a Colección General de B.N.A.H. de la ciudad de México  |b DD58 
961 |a Varias Ordenes Religiosas  |b VO 
942 |c B.N.A.H. 
943 |g Biblioteca Nacional de Antropología e Historia. Fondo Conventual 
999 |c 1038069  |d 1038069